NHL teams by Old Logos #2 - Statistics

General Stats
  • This quiz has been taken 71 times
  • The average score is 13 of 15
Answer Stats
Picture Answer % Correct
Florida Panthers
98%
New York Rangers
98%
Pittsburgh Penguins
98%
San Jose Sharks
98%
Tampa Bay Lightning
98%
Washington Capitals
96%
Buffalo Sabres
94%
Nashville Predators
94%
Ottawa Senators
90%
Boston Bruins
86%
Minnesota Wild
84%
New York Islanders
84%
St Louis Blues
80%
Columbus Blue Jackets
69%
Chicago Blackhawks
22%
No matching quizzes found
Score Distribution
Percent of People with Each Score
Percentile by Number Answered
Your Score History
You have not taken this quiz